Baltasar de Zúñiga : (Record n. 3402)
[ formato base ]
| 000 -LEADER | |
|---|---|
| fixed length control field | 00880nam a2200253 i 4500 |
| 003 - CONTROL NUMBER IDENTIFIER | |
| control field | IT-RoINE |
| 005 - DATE AND TIME OF LATEST TRANSACTION | |
| control field | 20201120111509.0 |
| 008 - FIXED-LENGTH DATA ELEMENTS--GENERAL INFORMATION | |
| fixed length control field | 130304s2012 sp |rb 001 0 spa d |
| 020 ## - INTERNATIONAL STANDARD BOOK NUMBER | |
| International Standard Book Number | 9788496813755 |
| 040 ## - CATALOGING SOURCE | |
| Original cataloging agency | DLC |
| Language of cataloging | eng |
| Transcribing agency | DLC IT-RoINE |
| Description conventions | rda |
| Modifying agency | IT-RoINE |
| 100 1# - MAIN ENTRY--PERSONAL NAME | |
| Personal name | González Cuerva, Rubén |
| 9 (RLIN) | 6863 |
| 245 10 - TITLE STATEMENT | |
| Title | Baltasar de Zúñiga : |
| Remainder of title | una encrucijada de la Monarquía Hispana (1561-1622) / |
| Statement of responsibility, etc | Rubén González Cuerva. |
| 264 ## - PRODUCTION, PUBLICATION, ETC | |
| Place of production, publication, distribution, manufacture | Madrid : |
| Name of producer, publisher, distributor, manufacturer | Polifemo Ediciones, |
| Date of production, publication, distribution, manufacture, or copyright notice | 2012. |
| 300 ## - PHYSICAL DESCRIPTION | |
| Extent | 638 p., XVI p. de lám. : |
| Other physical details | il. ; |
| Dimensions | 24 cm. |
| 336 ## - CONTENT TYPE | |
| Content type term | text |
| Source | rdacontent |
| 337 ## - MEDIA TYPE | |
| Media type term | unmediated |
| Source | rdamedia |
| 338 ## - CARRIER TYPE | |
| Carrier type term | volume |
| Source | rdacarrier |
| 490 13 - SERIES STATEMENT | |
| Series statement | La Corte en Europa ; |
| Volume number/sequential designation | 9 |
| 500 ## - GENERAL NOTE | |
| General note | Incluye índice. |
| 504 ## - BIBLIOGRAPHY, ETC. NOTE | |
| Bibliography, etc | Fuentes y bibliografía: p. 555-594. |
| 600 14 - SUBJECT ADDED ENTRY--PERSONAL NAME | |
| 9 (RLIN) | 6864 |
| Personal name | Zúñiga, Baltasar de, |
| Dates associated with a name | 1561-1622 |
| General subdivision | Biografía |
| 830 #0 - SERIES ADDED ENTRY--UNIFORM TITLE | |
| 9 (RLIN) | 6865 |
| Uniform title | Corte en Europa ; |
| Volume number/sequential designation | 9 |
| 942 ## - ADDED ENTRY ELEMENTS (KOHA) | |
| Item type | Monografías |
| Withdrawn status | Lost status | Damaged status | Not for loan | Home library | Current library | Date acquired | Total Checkouts | Full call number | Barcode | Date last seen | Price effective from | Koha item type |
|---|---|---|---|---|---|---|---|---|---|---|---|---|
| Iglesia Nacional Española en Roma | Iglesia Nacional Española en Roma | 30/04/2014 | BIO 1374 | 3861 | 30/04/2014 | 30/04/2014 | Monografías |